000
00284nam a22001337a 4500
008
170803b xxu||||| |||| 00| 0 eng d
020
_a
9780132454995
041
_a
eng
080
_a
004
100
_a
32
101
_a
SHK
245
_a
REUSABLE SOFTWARE
_c
MEYER,B
942
_2
udc
_c
BK
999
_c
22614
_d
22614